Statistics for Collaborations of Rihanna

Click here to take the quiz!

General Stats

  • This quiz has been taken 174 times
  • The average score is 11 of 18

Answer Stats

YearSongArtist% Correct
2010Love the Way You LieEminem
99%
2007UmbrellaJay-Z
87%
2016This Is What You Came ForCalvin Harris
81%
2016WorkDrake
81%
2014Can't Remember to Forget YouShakira
81%
2013The MonsterEminem
78%
2015FourFiveSecondsKanye West |
Paul McCartney
77%
2010What's My Name?Drake
74%
2017Wild ThoughtsDJ Khaled |
Bryson Tiller
72%
2012We Found LoveCalvin Harris
67%
2011Princess of ChinaColdplay
56%
2010FlyNicki Minaj
53%
2017LoyaltyKendrick Lamar
42%
2007If I Never See Your Face AgainMaroon 5
36%
2012StayMikky Ekko
35%
2012Birthday CakeChris Brown
32%
2012Right NowDavid Guetta
23%
2010Cheers (Drink To That)Avril Lavigne
14%

Score Distribution

Percentile by Number Answered

Percent of People with Each Score

Your Score History

You have not taken this quiz